|
|
แสดงรายละเอียดบรรณานุกรม |
|
|
Brief Record
: Get Marc (ISO 2709)
: E-mail record
: |
|
|
| LEADER 00000nam 2200000uu 4500 | |||
| 001 212738 | |||
| 003 ULIBM | |||
| 008 020711s2563 th a 000 0 tha d | |||
| 020 9786161142179 | |||
| 041 ^atha | |||
| 050 4 LB1027 ว585ถ 2563 | |||
| 110 วิทยาลัยพยาบาลบรมราชชนนี ขอนแก่น | |||
| 245 ถอดบทเรียนการแลกเปลี่ยนเรียนรู้การจัดการเรียนการสอนเพื่อส่งเสริมสมรรถนะการบริการสุขภาพด้วยหัวใจความเป็นมนุษย์/^cวิทยาลัยพยาบาลบรมราชชนนี ขอนแก่น | |||
| 250 พิมพ์ครั้งที่ 1 | |||
| 260 ขอนแก่น :^bวิทยาลัยพยาบาลบรมราชชนนี ขอนแก่น,^c2563 | |||
| 300 168 หน้า :^bภาพประกอบ ;^c20 ซม. | |||
| 650 4 การพยาบาล | |||
| 650 4 ^aพยาบาล^xสมรรถนะ | |||
| 650 4 ^aบริการสุขภาพด้วยหัวใจความเป็นมนุษย์ | |||
| 710 2 ^aสถาบันพระบรมราชชนก | |||
| 999 ^aใช้งานได้ทุกระบบ | |||
| คุณยังไม่ได้ล็อกอิน คุณสามารถมีกิจกรรมร่วมกับเว็บไซต์ได้ แต่ต้องล็อกอินก่อน :: |
|
| สถานะ | |||||||||
| 1. | หนังสือทั่วไป | LB1027 ว585ถ 2563 ฉ.1 | On Shelf ขอยืม | ||||||
| 2. | หนังสือทั่วไป | LB1027 ว585ถ 2563 ฉ.2 | On Shelf ขอยืม | ||||||
| 3. | หนังสือทั่วไป | LB1027 ว585ถ 2563 ฉ.3 | On Shelf ขอยืม | ||||||
| 4. | หนังสือทั่วไป | LB1027 ว585ถ 2563 ฉ.4 | On Shelf ขอยืม | ||||||
| 5. | หนังสือทั่วไป | LB1027 ว585ถ 2563 ฉ.5 | On Shelf ขอยืม | ||||||
| 6. | หนังสือทั่วไป | LB1027 ว585ถ 2563 ฉ.6 | On Shelf ขอยืม | ||||||
| 7. | หนังสือทั่วไป | LB1027 ว585ถ 2563 ฉ.7 | On Shelf ขอยืม | ||||||
| 8. | หนังสือทั่วไป | LB1027 ว585ถ 2563 ฉ.8 | On Shelf ขอยืม | ||||||
| 9. | หนังสือทั่วไป | LB1027 ว585ถ 2563 ฉ.9 | On Shelf ขอยืม | ||||||
| [แสดง 9/9 รายการ] | |||||||||
BibComment |
| คอมเมนท์ทรัพยากรรายการนี้ |
|
|